Черные легионы

Dades bibliogràfiques
Autor principal: Колдобский В. Л. Владимир Львович
Sumari:Исключено из фонда НТБ ТПУ
Idioma:rus
Publicat: Москва, Воениздат, 1987
Col·lecció:Империализм : События. Факты. Документы
Format: MixedMaterials Llibre
KOHA link:https://koha.lib.tpu.ru/cgi-bin/koha/opac-detail.pl?biblionumber=268795

MARC

LEADER 00000nam0a2200000 4500
001 268795
005 20231031224256.0
020 |a RU  |b 87-10214 
035 |a (RuTPU)RU\TPU\book\291951 
090 |a 268795 
100 |a 20140909d1987 km y0rusy5003 ca 
101 0 |a rus 
102 |a RU 
105 |a a z 000zy 
200 1 |a Черные легионы  |f В. Л. Колдобский 
210 |a Москва  |c Воениздат  |d 1987 
215 |a 126 с.  |c ил. 
225 1 |a Империализм : События. Факты. Документы 
333 |a Исключено из фонда НТБ ТПУ 
700 1 |a Колдобский  |b В. Л.  |g Владимир Львович 
801 0 |a RU  |b RuMRKP  |c 19950417  |g psbo 
801 1 |a RU  |b 63413507  |c 20140909 
801 2 |a RU  |b 63413507  |c 20220304  |g RCR 
942 |c BK